| 000 | 01426nam a22002537a 4500 | ||
|---|---|---|---|
| 001 | 2162214035926442 | ||
| 003 | UA-OsUOA | ||
| 005 | 20251222140257.0 | ||
| 008 | 251222b un ||||| |||| 00| f eng d | ||
| 020 | _a9786170704160 | ||
| 040 |
_aUA-OsUOA _bukr _cUA-OsUOA _dUA-OsUOA |
||
| 041 | _aeng | ||
| 080 | _a821.111(73) | ||
| 090 |
_a821.111(73) _bT98 |
||
| 100 |
_aTwain M. _923001 |
||
| 245 |
_aThe Adventures of Huckleberry Finn _cMark Twain |
||
| 260 |
_aKyiv _bZnannia _c2017 |
||
| 300 | _a334 p. | ||
| 490 | _aAmerican Library | ||
| 520 | _a“The Adventures of Huckleberry Finn” is one of Mark Twain’s best-known literary works. The story is devoted to Tom Sawyer’s best friend, homeless boy Huckleberry Finn who runs away from his brutal father-drunkard to the desert island. Here he quite unexpectedly meets up a fugitive slave Jim — the noblest character of the book. They travel together on the raft along the Mississippi. Unlooked-for adventures and dangerous trials are awaiting for them, but unselfishness, kindness, and loyalty to friendship help them stand out in complicated circumstances. The book is full of profound respect for a man, love for life and teaches to live according to simple, eternal laws of justice and humanity. | ||
| 650 |
_a821 Художня література окремими мовами і мовними сім'ями _917 |
||
| 942 |
_cBK _2udc |
||
| 955 | _a3 | ||
| 999 |
_c282487 _d282487 |
||